|
|
|
|
| LEADER |
01439nam a2200337 a 4500 |
| 001 |
23633 |
| 003 |
BD-DhAAL |
| 005 |
20191027110424.0 |
| 008 |
111011s2004 dcua b 000 0 eng |
| 999 |
|
|
|c 11309
|d 11309
|
| 010 |
|
|
|a 2004014460
|
| 020 |
|
|
|a 1879537877
|
| 020 |
|
|
|a 9781879537873
|
| 040 |
|
|
|a DLC
|c DLC
|d DLC
|d BD-DhAAL
|
| 042 |
|
|
|a pcc
|
| 082 |
0 |
0 |
|a 372.6
|2 22
|
| 100 |
1 |
|
|a Heroman, Cate.
|9 36501
|
| 245 |
1 |
0 |
|a Literacy :
|b the Creative Curriculum approach /
|c Cate Heroman, Candy Jones.
|
| 260 |
|
|
|a Washington, DC :
|b Teaching Strategies,
|c c2004.
|
| 300 |
|
|
|a xi, 304 pages :
|b illustrations ;
|c 28 cm.
|
| 504 |
|
|
|a Includes bibliographical references (pages 282-292).
|
| 526 |
|
|
|a BIED
|
| 541 |
|
|
|a Complimentary copy from BIED
|e 23633, 36267
|
| 650 |
|
0 |
|a Language arts (Preschool).
|9 36502
|
| 650 |
|
0 |
|a Education, Preschool
|x Curriculum.
|9 36503
|
| 650 |
|
0 |
|a Language experience approach in education.
|9 36504
|
| 700 |
1 |
|
|a Jones, Candy,
|d 1956-
|9 36505
|
| 852 |
1 |
|
|a Ayesha Abed Library
|c General Stacks
|
| 942 |
|
|
|2 ddc
|c BK
|
| 952 |
|
|
|0 0
|1 0
|2 ddc
|4 0
|6 372_600000000000000_HER
|7 0
|9 18371
|a BRACUL
|b BRACUL
|c GEN
|d 2011-10-11
|e IED, BU
|l 3
|o 372.6 HER
|p 3010023633
|r 2019-11-06
|s 2019-11-03
|t 1
|w 2011-10-11
|y BK
|
| 952 |
|
|
|0 0
|1 0
|2 ddc
|4 0
|6 372_600000000000000_HER
|7 0
|9 66920
|a BRACUL
|b BRACUL
|c GEN
|d 2019-10-27
|e Complimentary copy from BIED
|l 0
|o 372.6 HER
|p 3010036267
|r 2019-10-27
|t 2
|w 2019-10-27
|y BK
|x Transferred from BIED to General Stacks
|